Pravděpodobnostní dynamické modely /
Guardado en:
| Autor principal: | |
|---|---|
| Formato: | Libro |
| Lenguaje: | checo |
| Publicado: |
Praha :
Academia,
1985
|
| Edición: | 1.vyd. |
| Materias: | |
| Etiquetas: |
Sin Etiquetas, Sea el primero en etiquetar este registro!
|
MARC
| LEADER | 00000nam a22000003a 4500 | ||
|---|---|---|---|
| 001 | stu38934 | ||
| 005 | 20150617225725.7 | ||
| 008 | 921202s1985----cs------------------cze-d | ||
| 040 | |a STU |b slo | ||
| 041 | 0 | |a cze | |
| 044 | |a cs | ||
| 080 | |a 519.21/.25(075.8) | ||
| 100 | 1 | |a Mandl, Petr |4 aut | |
| 245 | 1 | |a Pravděpodobnostní dynamické modely / |c [aut.]Petr Mandl | |
| 250 | |a 1.vyd. | ||
| 260 | |a Praha : |b Academia, |c 1985 | ||
| 300 | |a 181 s | ||
| 650 | 7 | |a pravdepodobnosť |2 stusub | |
| 650 | 7 | |a Modely dynamické |2 stusub | |
| 996 | |b 284M045224 |c M*861-1 |l MMKN |s A |a 24 |w stu38934_0001 | ||
| 996 | |b M 5915 |c M*861-2 |l MMKN |s A |a 24 |w stu38934_0002 | ||
| 996 | |b 284M045225 |c M*861-3 |l MMKN |s A |a 24 |w stu38934_0003 | ||
| 996 | |b 284M045227 |c M*861-4 |l MMKN |s A |a 24 |w stu38934_0004 | ||
| 996 | |b 284M045226 |c M*861-5 |l MMKN |s A |a 24 |w stu38934_0005 | ||
| 996 | |b 284M045228 |c M*861-6 |l MMKN |s A |a 24 |w stu38934_0006 | ||